[Event "NZL-ch Major op"]
[Site "Dunedin"]
[Date "1999.??.??"]
[Round "10.6"]
[White "Gloistein, Bruce H"]
[Black "McIntosh, John"]
[Result "1-0"]
[WhiteElo "1549"]
[BlackElo "1456"]
[PlyCount "79"]
[EventDate "1998.??.??"]
[EventType "swiss"]
[EventRounds "11"]
[EventCountry "NZL"]
[SourceTitle "EXT 2003"]
[Source "ChessBase"]
[SourceDate "2002.11.25"]
[SourceVersion "1"]
[SourceVersionDate "2002.11.25"]
[SourceQuality "1"]

1. d4 Nf6 2. Nf3 e6 3. e3 c5 4. Bd3 b6 5. Qe2 Be7 6. 0-0 0-0 7. Nbd2 Nc6 8. c3 Bb7 9. Ne5 d6 10. Nxc6 Bxc6 11. f4 d5 12. Rf3 Ne4 13. Rh3 f5 14. Qh5 Nf6 15. Qh4 h6 16. Nf3 Ne4 17. Qe1 Bf6 18. Qe2 c4 19. Bxe4 fxe4 20. Ne5 Be8 21. Qg4 Kh7 22. Bd2 Qe7 23. Rf1 Bxe5 24. dxe5 Rf5 25. Qd1 Qd7 26. g4 Rf8 27. Rf2 g6 28. Rg2 Qg7 29. Rgg3 Qd7 30. Rh4 Bf7 31. Rhh3 Rh8 32. Qf1 Rag8 33. Qg2 Kg7 34. Qf1 Rh7 35. Rh4 Qa4 36. f5 exf5 37. gxf5 Rf8 38. fxg6 Bxg6 39. Rxg6+ Kxg6 40. Rg4+ 1-0

[Event "NZL-ch Major op"]
[Site "Dunedin"]
[Date "1999.??.??"]
[Round "4.5"]
[White "Jackson, L Ross"]
[Black "McIntosh, John"]
[Result "1-0"]
[WhiteElo "1755"]
[BlackElo "1456"]
[PlyCount "53"]
[EventDate "1998.??.??"]
[EventType "swiss"]
[EventRounds "11"]
[EventCountry "NZL"]
[SourceTitle "EXT 2003"]
[Source "ChessBase"]
[SourceDate "2002.11.25"]
[SourceVersion "1"]
[SourceVersionDate "2002.11.25"]
[SourceQuality "1"]

1. Nf3 d5 2. c4 c5 3. cxd5 Nf6 4. g3 Nxd5 5. Bg2 g6 6. Nc3 Bg7 7. Qb3 e6 8. Nh4 Nb6 9. Qb5+ N8d7 10. d3 a6 11. Qb3 0-0 12. 0-0 Qc7 13. Qd1 Nf6 14. Bf4 Qe7 15. Qd2 Nfd5 16. Bh6 Rd8 17. Bxg7 Kxg7 18. Rfd1 Rb8 19. Rac1 Nxc3 20. Qxc3+ e5 21. Qxc5 Qxc5 22. Rxc5 Na4 23. Rxe5 Nxb2 24. Rb1 Na4 25. Rc1 Be6 26. Rc7 b5 27. Rxe6 1-0

[Event "NZL-ch Major op"]
[Site "Dunedin"]
[Date "1999.??.??"]
[Round "8.9"]
[White "McIntosh, John"]
[Black "Webber, CH."]
[Result "1-0"]
[WhiteElo "1456"]
[BlackElo "1123"]
[PlyCount "59"]
[EventDate "1998.??.??"]
[EventType "swiss"]
[EventRounds "11"]
[EventCountry "NZL"]
[SourceTitle "EXT 2003"]
[Source "ChessBase"]
[SourceDate "2002.11.25"]
[SourceVersion "1"]
[SourceVersionDate "2002.11.25"]
[SourceQuality "1"]

1. d4 e6 2. c4 Nf6 3. a3 c5 4. d5 exd5 5. cxd5 d6 6. Nc3 Be7 7. e4 0-0 8. Nf3 Nbd7 9. Be2 b6 10. 0-0 Bb7 11. h3 a6 12. b4 Rc8 13. b5 a5 14. Bf4 Qc7 15. Qd2 c4 16. Rfd1 Ne5 17. Bxe5 dxe5 18. d6 Rfd8 19. dxc7 Rxd2 20. Nxd2 Rxc7 21. f3 Bc5+ 22. Kh2 Bd4 23. Rac1 Be3 24. Nxc4 Rd7 25. Nxe3 Rxd1 26. Rxd1 g6 27. Rd6 Kg7 28. Rxb6 Bc8 29. Bc4 h5 30. Rb8 1-0

[Event "NZL-ch Major op"]
[Site "Dunedin"]
[Date "1999.??.??"]
[Round "6.7"]
[White "Voss, PJ."]
[Black "McIntosh, John"]
[Result "1-0"]
[WhiteElo "1484"]
[BlackElo "1456"]
[PlyCount "51"]
[EventDate "1998.??.??"]
[EventType "swiss"]
[EventRounds "11"]
[EventCountry "NZL"]
[SourceTitle "EXT 2003"]
[Source "ChessBase"]
[SourceDate "2002.11.25"]
[SourceVersion "1"]
[SourceVersionDate "2002.11.25"]
[SourceQuality "1"]

1. d4 Nf6 2. c4 e6 3. Nf3 b6 4. e3 Bb7 5. Bd3 Be7 6. Nc3 0-0 7. 0-0 c5 8. b3 cxd4 9. exd4 d5 10. Bb2 Nc6 11. Be2 Rc8 12. Rc1 dxc4 13. bxc4 Na5 14. Nb5 a6 15. Na3 Qd6 16. Qd2 Rfd8 17. Rfd1 Qc7 18. h3 Bd6 19. Qc3 Qe7 20. Qe3 Qc7 21. Ne5 Bxe5 22. Qxe5 Qxe5 23. dxe5 Nd7 24. Rd6 Nc6 25. Rcd1 Kf8 26. Rxd7 1-0